[Event "GBR-ch78"]
[Site "Eastbourne"]
[Date "1991.08.08"]
[Round "10.19"]
[White "Jones, Andrew"]
[Black "Summerscale, Aaron"]
[Result "0-1"]
[WhiteElo "2250"]
[BlackElo "2325"]
[PlyCount "84"]
[EventDate "1991.07.29"]
[EventType "swiss"]
[EventRounds "11"]
[EventCountry "GBR"]
[SourceTitle "EXT 1997"]
[Source "ChessBase"]
[SourceDate "1996.11.15"]
[SourceVersion "1"]
[SourceVersionDate "1996.11.15"]
[SourceQuality "1"]

1. e4 g6 2. d4 Bg7 3. c3 d5 4. exd5 Qxd5 5. Be2 Nf6 6. Bf4 c5 7. Nf3 Nc6 8. O-O
O-O 9. Ne5 cxd4 10. Bf3 Qc5 11. Nxc6 bxc6 12. cxd4 Qb6 13. Nc3 Be6 14. Na4 Qb5
15. b3 Bd5 16. Be2 Qb4 17. Be5 Rad8 18. Nc5 Ne4 19. a3 Qc3 20. Bxg7 Kxg7 21.
Rc1 Qb2 22. Rb1 Qxa3 23. Ra1 Qb2 24. Rb1 Qc3 25. Rc1 Qb4 26. Nxe4 Bxe4 27. Rc4
Qb6 28. Qa1 Bd5 29. Ra4 Qxb3 30. Rxa7 e6 31. Rc1 Rb8 32. h3 Qb2 33. Qxb2 Rxb2
34. Bc4 Rd2 35. Bxd5 cxd5 36. Rcc7 Rxd4 37. g3 Re4 38. Rd7 g5 39. Kg2 Re5 40.
Re7 Kg6 41. f4 gxf4 42. gxf4 Rf5 0-1

[Event "GBR-ch78"]
[Site "Eastbourne"]
[Date "1991.08.08"]
[Round "10.20"]
[White "Rosenberg, Daniel"]
[Black "Knox, Victor W"]
[Result "0-1"]
[WhiteElo "2230"]
[BlackElo "2310"]
[PlyCount "72"]
[EventDate "1991.07.29"]
[EventType "swiss"]
[EventRounds "11"]
[EventCountry "GBR"]
[SourceTitle "EXT 1997"]
[Source "ChessBase"]
[SourceDate "1996.11.15"]
[SourceVersion "1"]
[SourceVersionDate "1996.11.15"]
[SourceQuality "1"]

1. d4 d5 2. c4 c6 3. Nf3 Nf6 4. Nc3 e6 5. Bg5 dxc4 6. e4 b5 7. e5 h6 8. Bh4 g5
9. Nxg5 hxg5 10. Bxg5 Nbd7 11. exf6 Bb7 12. g3 Qb6 13. Bg2 O-O-O 14. O-O c5 15.
d5 b4 16. Na4 Qa6 17. a3 b3 18. dxe6 Bxg2 19. e7 Bxf1 20. Nxc5 Qc6 21. exd8=Q+
Kxd8 22. Qxd7+ Qxd7 23. Nxd7 Kxd7 24. Rxf1 c3 25. bxc3 Bxa3 26. Be3 a5 27. Bd4
Kc6 28. c4 a4 29. Ra1 Bc5 30. Bb2 Ra8 31. Rb1 a3 32. Be5 b2 33. Bxb2 Rb8 34.
Kf1 Rxb2 35. Ra1 Rxf2+ 36. Ke1 Rxh2 0-1

[Event "GBR-ch78"]
[Site "Eastbourne"]
[Date "1991.08.08"]
[Round "10.21"]
[White "Jackson, Oliver"]
[Black "Rahman, Tahmidur"]
[Result "1-0"]
[WhiteElo "2345"]
[BlackElo "2305"]
[PlyCount "69"]
[EventDate "1991.07.29"]
[EventType "swiss"]
[EventRounds "11"]
[EventCountry "GBR"]
[SourceTitle "EXT 1997"]
[Source "ChessBase"]
[SourceDate "1996.11.15"]
[SourceVersion "1"]
[SourceVersionDate "1996.11.15"]
[SourceQuality "1"]

1. e4 e5 2. f4 exf4 3. Bc4 d5 4. Bxd5 Nf6 5. Nc3 Nxd5 6. Nxd5 g5 7. b3 Rg8 8.
Qh5 c6 9. Nc3 Qf6 10. Bb2 Qg6 11. Qe2 b6 12. O-O-O Ba6 13. Qe1 Nd7 14. d4 O-O-O
15. Nf3 Bg7 16. g3 f5 17. gxf4 fxe4 18. Ne5 Nxe5 19. fxe5 c5 20. Nxe4 cxd4 21.
Nd6+ Rxd6 22. exd6 Qxd6 23. Qe4 Qf4+ 24. Qxf4 gxf4 25. Bxd4 Bxd4 26. Rxd4 f3
27. Rf4 Be2 28. Kd2 Rg2 29. Ke3 h5 30. h4 Kd7 31. Re1 Rh2 32. Rg1 a5 33. Rg7+
Kc6 34. a4 Bf1 35. Rf6+ 1-0

[Event "GBR-ch78"]
[Site "Eastbourne"]
[Date "1991.08.08"]
[Round "10.22"]
[White "Coleman, David J"]
[Black "Walker, David"]
[Result "0-1"]
[WhiteElo "2265"]
[BlackElo "2345"]
[PlyCount "62"]
[EventDate "1991.07.29"]
[EventType "swiss"]
[EventRounds "11"]
[EventCountry "GBR"]
[SourceTitle "EXT 1997"]
[Source "ChessBase"]
[SourceDate "1996.11.15"]
[SourceVersion "1"]
[SourceVersionDate "1996.11.15"]
[SourceQuality "1"]

1. e4 g6 2. d4 Bg7 3. Nc3 d6 4. f4 Nf6 5. Nf3 c5 6. Bb5+ Bd7 7. e5 Ng4 8. h3
Bxb5 9. Nxb5 dxe5 10. hxg4 Qa5+ 11. c3 Qxb5 12. dxe5 Nc6 13. Qc2 O-O 14. Be3
Rad8 15. Qf2 f6 16. f5 Qd3 17. Bxc5 gxf5 18. g5 fxe5 19. Qh4 f4 20. Qh3 Qf5 21.
Nd2 e4 22. g4 Qg6 23. O-O-O b6 24. Ba3 b5 25. Bc5 Ne5 26. Bxe7 Nd3+ 27. Kc2 e3
28. Qxh7+ Qxh7 29. Rxh7 Nf2 30. Bxf8 Kxh7 31. Be7 Rd7 0-1

[Event "GBR-ch78"]
[Site "Eastbourne"]
[Date "1991.08.09"]
[Round "11.2"]
[White "Wells, Peter K"]
[Black "Thipsay, Praveen Mahadeo"]
[Result "1-0"]
[WhiteElo "2465"]
[BlackElo "2490"]
[PlyCount "81"]
[EventDate "1991.07.29"]
[EventType "swiss"]
[EventRounds "11"]
[EventCountry "GBR"]
[SourceTitle "EXT 1997"]
[Source "ChessBase"]
[SourceDate "1996.11.15"]
[SourceVersion "1"]
[SourceVersionDate "1996.11.15"]
[SourceQuality "1"]

1. e4 e5 2. Nf3 Nc6 3. Nc3 Nf6 4. Bb5 Bb4 5. O-O O-O 6. d3 d6 7. Bg5 Bxc3 8.
bxc3 Qe7 9. Re1 Nd8 10. d4 c6 11. Bf1 Ne6 12. Bc1 Qc7 13. a4 Rd8 14. g3 c5 15.
d5 Nf8 16. Bg5 Qe7 17. Nh4 h6 18. Bc1 Ng6 19. Nf5 Qf8 20. Qf3 Nh7 21. h4 Ne7
22. a5 Kh8 23. c4 Ng8 24. Bb2 Bd7 25. Qg2 Re8 26. Bd3 Rac8 27. Re2 g6 28. Ne3
h5 29. Rf1 Nh6 30. f3 Qg7 31. Ref2 Rf8 32. Be2 Nf6 33. g4 hxg4 34. fxg4 Nh7 35.
g5 Ng8 36. Bg4 f6 37. Bxd7 Qxd7 38. h5 Nxg5 39. hxg6 Kg7 40. Nf5+ Kxg6 41. Bc1
1-0

[Event "GBR-ch78"]
[Site "Eastbourne"]
[Date "1991.08.09"]
[Round "11.3"]
[White "Barua, Dibyendu"]
[Black "Martin, Andrew D"]
[Result "1/2-1/2"]
[WhiteElo "2550"]
[BlackElo "2415"]
[PlyCount "44"]
[EventDate "1991.07.29"]
[EventType "swiss"]
[EventRounds "11"]
[EventCountry "GBR"]
[SourceTitle "EXT 1997"]
[Source "ChessBase"]
[SourceDate "1996.11.15"]
[SourceVersion "1"]
[SourceVersionDate "1996.11.15"]
[SourceQuality "1"]

1. e4 d5 2. exd5 Nf6 3. d4 Nxd5 4. Nf3 Bg4 5. Be2 e6 6. O-O Be7 7. c4 Nf6 8.
Be3 O-O 9. Nc3 Nbd7 10. Qb3 Qc8 11. Rfd1 Rd8 12. Rac1 c5 13. d5 exd5 14. cxd5
Nb6 15. a4 c4 16. Qa2 Bc5 17. a5 Bxe3 18. fxe3 Nbxd5 19. Nxd5 Rxd5 20. Bxc4
Rxd1+ 21. Rxd1 Qe8 22. Qb3 Qe7 1/2-1/2

[Event "GBR-ch78"]
[Site "Eastbourne"]
[Date "1991.08.09"]
[Round "11.4"]
[White "Howell, James C"]
[Black "Anagnostopoulos, Dimitrios"]
[Result "1-0"]
[WhiteElo "2455"]
[BlackElo "2395"]
[PlyCount "105"]
[EventDate "1991.07.29"]
[EventType "swiss"]
[EventRounds "11"]
[EventCountry "GBR"]
[SourceTitle "EXT 1997"]
[Source "ChessBase"]
[SourceDate "1996.11.15"]
[SourceVersion "1"]
[SourceVersionDate "1996.11.15"]
[SourceQuality "1"]

1. e4 d6 2. d4 Nf6 3. Nc3 g6 4. g3 Bg7 5. Bg2 O-O 6. Nge2 e5 7. h3 Nbd7 8. Be3
exd4 9. Bxd4 Re8 10. O-O Ne5 11. f4 Nc6 12. Bf2 Be6 13. b3 d5 14. e5 Ne4 15.
Nxe4 dxe4 16. Nd4 Nxd4 17. Qxd4 Qxd4 18. Bxd4 Rad8 19. Rad1 h5 20. Kf2 Rd7 21.
Bc3 Red8 22. Rxd7 Rxd7 23. Rh1 Bf8 24. Bxe4 c5 25. Kf3 b5 26. g4 b4 27. Bb2
hxg4+ 28. hxg4 Bd5 29. Bxd5 Rxd5 30. Ke2 Rd8 31. c4 bxc3 32. Bxc3 a5 33. Rd1
Rc8 34. Kd3 a4 35. Kc4 axb3 36. axb3 Re8 37. Re1 Ra8 38. Ra1 Re8 39. Re1 Ra8
40. Re2 Rd8 41. Rd2 Re8 42. f5 Bg7 43. Kxc5 Rc8+ 44. Kd4 Bxe5+ 45. Kxe5 Rxc3
46. b4 Rb3 47. Rd4 Kg7 48. fxg6 Kxg6 49. Kd5 Kf6 50. Re4 Rb1 51. Kc6 Rc1+ 52.
Kb6 Rb1 53. b5 1-0

[Event "GBR-ch78"]
[Site "Eastbourne"]
[Date "1991.08.09"]
[Round "11.5"]
[White "Hennigan, Michael T"]
[Black "Basman, Michael J"]
[Result "1-0"]
[WhiteElo "2300"]
[BlackElo "2365"]
[PlyCount "41"]
[EventDate "1991.07.29"]
[EventType "swiss"]
[EventRounds "11"]
[EventCountry "GBR"]
[SourceTitle "EXT 1997"]
[Source "ChessBase"]
[SourceDate "1996.11.15"]
[SourceVersion "1"]
[SourceVersionDate "1996.11.15"]
[SourceQuality "1"]

1. e4 e6 2. d4 a6 3. Nf3 b5 4. Bd3 c5 5. c3 Bb7 6. O-O Nf6 7. Re1 h6 8. Nbd2
Be7 9. e5 Nd5 10. dxc5 Bxc5 11. Ne4 Be7 12. a4 bxa4 13. Rxa4 Qc7 14. Bb1 Nb6
15. Nd6+ Bxd6 16. exd6 Qd8 17. Rg4 g5 18. h4 gxh4 19. Qd4 f6 20. Rg7 Kf8 21.
Qg4 1-0

[Event "GBR-ch78"]
[Site "Eastbourne"]
[Date "1991.08.09"]
[Round "11.6"]
[White "Plaskett, H James"]
[Black "Parker, Jonathan"]
[Result "1/2-1/2"]
[WhiteElo "2465"]
[BlackElo "2335"]
[PlyCount "107"]
[EventDate "1991.07.29"]
[EventType "swiss"]
[EventRounds "11"]
[EventCountry "GBR"]
[SourceTitle "EXT 1997"]
[Source "ChessBase"]
[SourceDate "1996.11.15"]
[SourceVersion "1"]
[SourceVersionDate "1996.11.15"]
[SourceQuality "1"]

1. d4 d5 2. Nf3 Nf6 3. e3 g6 4. c4 Bg7 5. Nc3 O-O 6. cxd5 Nxd5 7. Bc4 Nb6 8.
Bb3 c5 9. O-O cxd4 10. Nxd4 Nc6 11. Nxc6 bxc6 12. Qf3 Ba6 13. Rd1 Qc7 14. e4
Nd7 15. Bf4 Qb7 16. Qe3 Ne5 17. Qg3 Nc4 18. Na4 Qb5 19. Rd7 Nxb2 20. Nxb2 Bxb2
21. Rad1 c5 22. Bd5 Rae8 23. Bh6 Qe2 24. Bb3 Qxe4 25. Bxf8 Rxf8 26. Rxa7 Bb7
27. Qf3 Qxf3 28. gxf3 Bxf3 29. Rd3 Bc6 30. Rxe7 Bd4 31. a4 Kg7 32. a5 Kf6 33.
Rc7 Be4 34. Rh3 g5 35. Bc4 g4 36. Rb3 Be5 37. Rb6+ Kg5 38. Rxc5 Kf4 39. Bd5 Bd4
40. Rc4 Bxd5 41. Rxd4+ Be4 42. a6 Rc8 43. Rf6+ Kg5 44. Rxe4 Kxf6 45. Ra4 Ra8
46. a7 Kg5 47. Kg2 Kh4 48. f4 h5 49. Ra5 f6 50. Ra1 g3 51. h3 f5 52. Kf3 g2 53.
Kxg2 Rxa7 54. Rxa7 1/2-1/2

[Event "GBR-ch78"]
[Site "Eastbourne"]
[Date "1991.08.09"]
[Round "11.7"]
[White "Hebden, Mark"]
[Black "Ledger, Andrew"]
[Result "1/2-1/2"]
[WhiteElo "2485"]
[BlackElo "2345"]
[PlyCount "68"]
[EventDate "1991.07.29"]
[EventType "swiss"]
[EventRounds "11"]
[EventCountry "GBR"]
[SourceTitle "EXT 1997"]
[Source "ChessBase"]
[SourceDate "1996.11.15"]
[SourceVersion "1"]
[SourceVersionDate "1996.11.15"]
[SourceQuality "1"]

1. e4 c6 2. d4 d5 3. exd5 cxd5 4. c4 Nf6 5. Nc3 g6 6. Qb3 Bg7 7. cxd5 O-O 8.
Be2 Nbd7 9. Bf3 Nb6 10. Bg5 Bg4 11. Bxf6 Bxf3 12. Nxf3 exf6 13. O-O Qd7 14.
Rac1 Rfd8 15. Rfe1 Bf8 16. Ne4 Kg7 17. Nc5 Qxd5 18. Qe3 Rac8 19. b3 Na8 20. Ne4
Ba3 21. Rxc8 Rxc8 22. Qf4 f5 23. Ng3 f6 24. h4 Bd6 25. Qd2 Nc7 26. Ne2 Re8 27.
Nc3 Rxe1+ 28. Nxe1 Qa5 29. Nf3 Bb4 30. Qe2 Bxc3 31. Qe7+ Kg8 32. Qd8+ Kg7 33.
Qe7+ Kg8 34. Qd8+ Kg7 1/2-1/2

[Event "GBR-ch78"]
[Site "Eastbourne"]
[Date "1991.08.09"]
[Round "11.8"]
[White "Collinson, Adam"]
[Black "Arkell, Keith C"]
[Result "0-1"]
[WhiteElo "2325"]
[BlackElo "2455"]
[PlyCount "106"]
[EventDate "1991.07.29"]
[EventType "swiss"]
[EventRounds "11"]
[EventCountry "GBR"]
[SourceTitle "EXT 1997"]
[Source "ChessBase"]
[SourceDate "1996.11.15"]
[SourceVersion "1"]
[SourceVersionDate "1996.11.15"]
[SourceQuality "1"]

1. e4 c6 2. d4 d5 3. exd5 cxd5 4. c4 Nf6 5. Nc3 e6 6. Nf3 Bb4 7. cxd5 Nxd5 8.
Bd2 O-O 9. Bd3 Nc6 10. O-O Nxc3 11. bxc3 Be7 12. Qe2 Bf6 13. Rad1 g6 14. Bh6
Re8 15. Rfe1 e5 16. h3 Bd7 17. d5 Ne7 18. c4 b6 19. g4 Nc8 20. Bc1 Nd6 21. Nd2
Bg7 22. Ba3 Bf8 23. Qf3 f5 24. Qg3 Bc8 25. gxf5 Nxf5 26. Bxf5 Bxf5 27. Ne4 Bxa3
28. Qxa3 Rc8 29. Rc1 Rc7 30. Qg3 b5 31. Nd2 bxc4 32. Rxc4 Rd7 33. Rc5 Rxd5 34.
Rxd5 Qxd5 35. Nf3 Qxa2 36. Rxe5 Qa1+ 37. Kh2 Rxe5 38. Nxe5 Qd4 39. Ng4 Bxg4 40.
hxg4 Qb6 41. Kg2 a5 42. Qe5 Qc6+ 43. Kg3 a4 44. g5 Kf7 45. Qh8 Qd6+ 46. f4 Qd3+
47. Kg4 a3 48. Qxh7+ Ke6 49. Qg8+ Kd7 50. Qa2 Kd6 51. Kh4 Kc5 52. f5 Qe4+ 53.
Kg3 Qe5+ 0-1

[Event "GBR-ch78"]
[Site "Eastbourne"]
[Date "1991.08.09"]
[Round "11.9"]
[White "Rogers, Jonathan"]
[Black "Ward, Chris R"]
[Result "0-1"]
[WhiteElo "2245"]
[BlackElo "2435"]
[PlyCount "122"]
[EventDate "1991.07.29"]
[EventType "swiss"]
[EventRounds "11"]
[EventCountry "GBR"]
[SourceTitle "EXT 1997"]
[Source "ChessBase"]
[SourceDate "1996.11.15"]
[SourceVersion "1"]
[SourceVersionDate "1996.11.15"]
[SourceQuality "1"]

1. f4 d5 2. Nf3 g6 3. e3 Bg7 4. Be2 Nh6 5. O-O O-O 6. d3 Nc6 7. Qe1 Nf5 8. g4
Nd6 9. Qg3 Re8 10. Nc3 d4 11. exd4 Nxd4 12. Nxd4 Bxd4+ 13. Be3 e5 14. Qf2 Bxe3
15. Qxe3 exf4 16. Qxf4 Be6 17. Bf3 c6 18. Kh1 f5 19. gxf5 Bxf5 20. Rae1 Rf8 21.
Qg3 Qd7 22. Ne4 Bxe4 23. dxe4 Qe7 24. e5 Nf5 25. Qg4 Rae8 26. Be2 Kg7 27. Bd3
Nh6 28. Qe4 Rxf1+ 29. Bxf1 Qc5 30. e6 Re7 31. Rd1 Qf5 32. Qd4+ Qf6 33. Bh3 Qxd4
34. Rxd4 Nf5 35. Ra4 a6 36. Rb4 Kf6 37. Kg2 Kxe6 38. Kf3 Kf6 39. Bxf5 gxf5 40.
Rd4 Ke6 41. Rd2 Rd7 42. Re2+ Kf6 43. Kf4 Rd4+ 44. Kf3 Rd1 45. Kg3 b5 46. a3 a5
47. Kf4 a4 48. Kf3 Rf1+ 49. Kg3 Rb1 50. c3 Kg5 51. Kf3 h5 52. Rg2+ Kh4 53. Rf2
Kh3 54. Kf4 Rh1 55. Kxf5 Rxh2 56. Rf3+ Kh4 57. Rf4+ Kg3 58. Rb4 h4 59. c4 Rf2+
60. Kg5 c5 61. Rxb5 h3 0-1

[Event "GBR-ch78"]
[Site "Eastbourne"]
[Date "1991.08.09"]
[Round "11.10"]
[White "Emms, John M"]
[Black "Rayner, Francis"]
[Result "1-0"]
[WhiteElo "2425"]
[BlackElo "2265"]
[PlyCount "113"]
[EventDate "1991.07.29"]
[EventType "swiss"]
[EventRounds "11"]
[EventCountry "GBR"]
[SourceTitle "EXT 1997"]
[Source "ChessBase"]
[SourceDate "1996.11.15"]
[SourceVersion "1"]
[SourceVersionDate "1996.11.15"]
[SourceQuality "1"]

1. e4 c5 2. Nf3 e6 3. d4 cxd4 4. Nxd4 Nc6 5. Nb5 d6 6. c4 Nf6 7. N1c3 a6 8. Na3
Be7 9. Be2 O-O 10. O-O b6 11. Be3 Bb7 12. Qb3 Nd7 13. Rfd1 Qc7 14. Rac1 Nc5 15.
Qc2 Nb4 16. Qd2 Rac8 17. f3 Qb8 18. Qe1 d5 19. cxd5 exd5 20. exd5 Rfd8 21. Nab1
Nxd5 22. Nxd5 Bxd5 23. Nc3 Bb7 24. Qg3 Qxg3 25. hxg3 b5 26. Rxd8+ Rxd8 27. Nxb5
Ne6 28. Nc3 Bd6 29. Kf2 Be5 30. f4 Bf6 31. Bf3 Bxf3 32. gxf3 Rb8 33. b3 Kf8 34.
Nd5 Bd4 35. Bxd4 Nxd4 36. Rc4 Nb5 37. Nc7 Nxc7 38. Rxc7 Rb6 39. g4 Rd6 40. Rc2
g6 41. Ke3 h5 42. Rh2 hxg4 43. fxg4 Ke7 44. Rd2 Rc6 45. Rd4 Ke6 46. Kd3 Ke7 47.
Rc4 Rd6+ 48. Kc3 Rb6 49. Rd4 Rc6+ 50. Kb4 Ke6 51. Ka5 Rc2 52. a4 Rg2 53. g5 Kf5
54. Kxa6 Rf2 55. b4 Rxf4 56. Rxf4+ Kxf4 57. b5 1-0

[Event "GBR-ch78"]
[Site "Eastbourne"]
[Date "1991.08.09"]
[Round "11.11"]
[White "Britton, Richard"]
[Black "Cooper, John Grantley"]
[Result "1-0"]
[WhiteElo "2255"]
[BlackElo "2370"]
[PlyCount "69"]
[EventDate "1991.07.29"]
[EventType "swiss"]
[EventRounds "11"]
[EventCountry "GBR"]
[SourceTitle "EXT 1997"]
[Source "ChessBase"]
[SourceDate "1996.11.15"]
[SourceVersion "1"]
[SourceVersionDate "1996.11.15"]
[SourceQuality "1"]

1. e4 c5 2. Nf3 e6 3. d4 cxd4 4. Nxd4 Nf6 5. Nc3 d6 6. Be2 Be7 7. O-O O-O 8.
Be3 Nc6 9. f4 e5 10. Nb3 a5 11. a4 Nb4 12. Kh1 Be6 13. f5 Bxb3 14. cxb3 d5 15.
exd5 Nfxd5 16. Bg1 Nf6 17. Bf3 Nc6 18. Qe1 Re8 19. Rd1 Qc7 20. Nb5 Qb8 21. Be4
Ra6 22. Qe2 Bb4 23. Qf3 h6 24. Rd3 Nd4 25. Nxd4 Nxe4 26. Qxe4 exd4 27. Qg4 h5
28. Qxh5 Rh6 29. Qg4 Be7 30. Rxd4 Bc5 31. f6 Rg6 32. Qxg6 fxg6 33. f7+ Kf8 34.
fxe8=Q+ Kxe8 35. Re4+ 1-0

[Event "GBR-ch78"]
[Site "Eastbourne"]
[Date "1991.08.09"]
[Round "11.12"]
[White "McLaren, Leonard"]
[Black "McDonald, Neil R"]
[Result "1/2-1/2"]
[WhiteElo "2250"]
[BlackElo "2390"]
[PlyCount "70"]
[EventDate "1991.07.29"]
[EventType "swiss"]
[EventRounds "11"]
[EventCountry "GBR"]
[SourceTitle "EXT 1997"]
[Source "ChessBase"]
[SourceDate "1996.11.15"]
[SourceVersion "1"]
[SourceVersionDate "1996.11.15"]
[SourceQuality "1"]

1. e4 e6 2. d4 d5 3. Nc3 Bb4 4. exd5 exd5 5. Bd3 Nc6 6. Nge2 Bg4 7. f3 Bh5 8.
Bf4 Nge7 9. Qd2 Bg6 10. a3 Ba5 11. b4 Bb6 12. Na4 O-O 13. c3 Re8 14. O-O Bxd3
15. Qxd3 Ng6 16. Bg3 Nce5 17. Qc2 Nc4 18. Rfe1 h5 19. Nb2 Ne3 20. Qd2 h4 21.
Bf2 Nf5 22. Nd3 c6 23. Nef4 Qg5 24. Rxe8+ Rxe8 25. Re1 Rxe1+ 26. Bxe1 Bc7 27.
Nxg6 Qxg6 28. Qe2 Qd6 29. Qe8+ Kh7 30. Ne5 Nh6 31. Bxh4 f6 32. Qg6+ Kg8 33.
Qe8+ Kh7 34. Qg6+ Kg8 35. Qe8+ Kh7 1/2-1/2

[Event "GBR-ch78"]
[Site "Eastbourne"]
[Date "1991.08.09"]
[Round "11.13"]
[White "Knox, Victor W"]
[Black "Clarke, Stuart W"]
[Result "1-0"]
[WhiteElo "2310"]
[BlackElo "2335"]
[PlyCount "99"]
[EventDate "1991.07.29"]
[EventType "swiss"]
[EventRounds "11"]
[EventCountry "GBR"]
[SourceTitle "EXT 1997"]
[Source "ChessBase"]
[SourceDate "1996.11.15"]
[SourceVersion "1"]
[SourceVersionDate "1996.11.15"]
[SourceQuality "1"]

1. d4 Nf6 2. Nf3 e6 3. c4 Bb4+ 4. Bd2 Qe7 5. Nc3 O-O 6. e3 d6 7. a3 Bxc3 8.
Bxc3 Ne4 9. Qc2 Nxc3 10. Qxc3 Nd7 11. Be2 e5 12. O-O e4 13. Nd2 c5 14. b4 Nf6
15. Nb3 b6 16. bxc5 dxc5 17. dxc5 Bg4 18. Bxg4 Nxg4 19. h3 Ne5 20. Rad1 Nd3 21.
Rd2 bxc5 22. Nc1 Nxc1 23. Rxc1 Rfd8 24. Rcd1 Rxd2 25. Qxd2 Kf8 26. Qd6 Rc8 27.
Qxe7+ Kxe7 28. Rd5 f6 29. a4 g6 30. Kh2 Ke6 31. Kg3 f5 32. f3 exf3 33. Kxf3 Rc7
34. e4 fxe4+ 35. Kxe4 h6 36. h4 h5 37. Rg5 Kf6 38. Kd5 Rc8 39. Kd6 Kf7 40. g3
Kf6 41. a5 a6 42. Kd7 Rb8 43. Kc6 Rb4 44. Kxc5 Ra4 45. Kb6 Rxc4 46. Kxa6 Rc3
47. Kb6 Rb3+ 48. Rb5 Rxg3 49. a6 Ra3 50. a7 1-0

[Event "GBR-ch78"]
[Site "Eastbourne"]
[Date "1991.08.09"]
[Round "11.14"]
[White "Summerscale, Aaron"]
[Black "Baker, Chris W"]
[Result "1/2-1/2"]
[WhiteElo "2325"]
[BlackElo "2270"]
[PlyCount "136"]
[EventDate "1991.07.29"]
[EventType "swiss"]
[EventRounds "11"]
[EventCountry "GBR"]
[SourceTitle "EXT 1997"]
[Source "ChessBase"]
[SourceDate "1996.11.15"]
[SourceVersion "1"]
[SourceVersionDate "1996.11.15"]
[SourceQuality "1"]

1. Nf3 d6 2. d4 Nf6 3. Bg5 Nbd7 4. Nbd2 e5 5. c3 Be7 6. e4 O-O 7. Be2 c6 8. O-O
g6 9. Re1 Kg7 10. Bf1 h6 11. Bh4 Nh7 12. Bxe7 Qxe7 13. dxe5 dxe5 14. Nc4 Ng5
15. Nxg5 hxg5 16. Qd6 Qxd6 17. Nxd6 Nf6 18. Rad1 Be6 19. b3 b6 20. Ba6 Rad8 21.
Bb7 c5 22. Ba6 Bd7 23. f3 Bc6 24. Nc4 Nd7 25. Rd6 Nb8 26. Rxd8 Rxd8 27. Nxe5
Nxa6 28. Nxc6 Rd2 29. Ra1 Rc2 30. Rd1 c4 31. bxc4 Nc5 32. Nxa7 Rxa2 33. Nc8 Rb2
34. Rd5 Rb1+ 35. Kf2 Rb2+ 36. Kf1 Rb1+ 37. Ke2 Ne6 38. g3 Rh1 39. Nxb6 Rxh2+
40. Ke3 Rc2 41. Rd3 f5 42. Rd7+ Kf8 43. Nd5 Rg2 44. Re7 f4+ 45. gxf4 gxf4+ 46.
Kd3 Ng5 47. c5 Nxf3 48. c6 Rd2+ 49. Kc4 Rxd5 50. c7 Kxe7 51. c8=Q Re5 52. Qg4
Rxe4+ 53. Kd5 Re5+ 54. Kc6 Re3 55. Qxf4 Rxc3+ 56. Kb5 Ke6 57. Kb4 Rd3 58. Qc4+
Rd5 59. Qg4+ Rf5 60. Qxg6+ Ke5 61. Kc3 Kf4 62. Qd6+ Re5 63. Kd3 Ne1+ 64. Kc4
Nf3 65. Qf6+ Ke3 66. Qb6+ Ke4 67. Qf2 Kf4 68. Kd3 Rd5+ 1/2-1/2

[Event "GBR-ch78"]
[Site "Eastbourne"]
[Date "1991.08.09"]
[Round "11.16"]
[White "Lund, D Brett"]
[Black "Mishra, Neeraj Kumar"]
[Result "0-1"]
[WhiteElo "2290"]
[BlackElo "2375"]
[PlyCount "92"]
[EventDate "1991.07.29"]
[EventType "swiss"]
[EventRounds "11"]
[EventCountry "GBR"]
[SourceTitle "EXT 1997"]
[Source "ChessBase"]
[SourceDate "1996.11.15"]
[SourceVersion "1"]
[SourceVersionDate "1996.11.15"]
[SourceQuality "1"]

1. g3 g6 2. Bg2 Bg7 3. c4 Nf6 4. Nc3 O-O 5. e4 d6 6. Nge2 c5 7. O-O Nc6 8. d3
Rb8 9. h3 a6 10. f4 Nd7 11. Be3 Nd4 12. Rb1 b5 13. cxb5 axb5 14. b4 Nxe2+ 15.
Nxe2 cxb4 16. Rxb4 Qa5 17. Qb1 Nc5 18. d4 Na6 19. Rb2 d5 20. e5 Bf5 21. Qd1 h5
22. Qb3 e6 23. Rc1 Rfc8 24. Rxc8+ Rxc8 25. Bd2 Qc7 26. Nc3 b4 27. Nb5 Qb6 28.
Nd6 Rc6 29. Nxf5 gxf5 30. Qe3 Bf8 31. Bf1 Qa5 32. h4 Nc7 33. Qd3 Rc4 34. Rc2
Rxc2 35. Qxc2 Nb5 36. Bxb5 Qxb5 37. Kf2 Qc4 38. Qxc4 dxc4 39. Ke2 Be7 40. Bc1
Kf8 41. Kd2 Ke8 42. a3 Kd7 43. axb4 Bxb4+ 44. Ke3 Kc6 45. g4 fxg4 46. f5 Kd5
0-1

[Event "GBR-ch78"]
[Site "Eastbourne"]
[Date "1991.08.09"]
[Round "11.20"]
[White "Rossiter, Philip J"]
[Black "Hutchinson, Paul A"]
[Result "1-0"]
[WhiteElo "2320"]
[BlackElo "2245"]
[PlyCount "91"]
[EventDate "1991.07.29"]
[EventType "swiss"]
[EventRounds "11"]
[EventCountry "GBR"]
[SourceTitle "EXT 1997"]
[Source "ChessBase"]
[SourceDate "1996.11.15"]
[SourceVersion "1"]
[SourceVersionDate "1996.11.15"]
[SourceQuality "1"]

1. d4 d5 2. c4 c6 3. Nf3 Nf6 4. Nc3 dxc4 5. a4 Bf5 6. e3 e6 7. Bxc4 Bb4 8. O-O
O-O 9. Qe2 Nbd7 10. Rd1 Bg6 11. Ne5 Nxe5 12. dxe5 Nd7 13. e4 Qc7 14. Na2 Be7
15. f4 a6 16. a5 Rad8 17. Nc3 Bb4 18. Rf1 Bxa5 19. f5 b5 20. Bb3 Bb6+ 21. Kh1
a5 22. fxg6 hxg6 23. Bg5 Rde8 24. Rac1 b4 25. Na4 Bd4 26. Qc4 Bxe5 27. Qxc6 Qa7
28. Nc5 Nf6 29. Bxf6 gxf6 30. Nd7 Rc8 31. Qxc8 Rxc8 32. Rxc8+ Kg7 33. Nxe5 Qa6
34. Rfc1 fxe5 35. Ba4 Qe2 36. b3 Qxe4 37. R8c7 Qa8 38. Rf1 e4 39. Bc6 Qd8 40.
Rcxf7+ Kh6 41. Bxe4 Qd4 42. Bb1 Qb2 43. R7f3 e5 44. Rh3+ Kg7 45. Rg3 Qe2 46.
Bd3 1-0

[Event "GBR-ch78"]
[Site "Eastbourne"]
[Date "1991.08.09"]
[Round "11.21"]
[White "Dishman, Stephen"]
[Black "Thipsay, Bagyashree Sathe"]
[Result "1-0"]
[WhiteElo "2360"]
[BlackElo "2185"]
[PlyCount "61"]
[EventDate "1991.07.29"]
[EventType "swiss"]
[EventRounds "11"]
[EventCountry "GBR"]
[SourceTitle "EXT 1997"]
[Source "ChessBase"]
[SourceDate "1996.11.15"]
[SourceVersion "1"]
[SourceVersionDate "1996.11.15"]
[SourceQuality "1"]

1. e4 c6 2. d4 d5 3. e5 Bf5 4. c3 e6 5. Be2 Ne7 6. Nf3 Nd7 7. O-O c5 8. a3 Nc6
9. Be3 Be7 10. Nbd2 O-O 11. b4 cxd4 12. cxd4 f6 13. exf6 Bxf6 14. Nb3 Rc8 15.
Rc1 Qe8 16. b5 Ne7 17. Na5 b6 18. Nc6 a5 19. Nfe5 Nxc6 20. Nxc6 Be7 21. Nxe7+
Qxe7 22. Qb3 Qd6 23. Rc3 e5 24. Rfc1 Rxc3 25. Qxc3 exd4 26. Bxd4 Nf6 27. Qg3
Qe7 28. Bf3 Rd8 29. h4 Be4 30. Rc7 Nd7 31. Bg4 1-0

[Event "GBR-ch78"]
[Site "Eastbourne"]
[Date "1991.08.09"]
[Round "11.27"]
[White "Byway, Paul V"]
[Black "Coleman, David J"]
[Result "1-0"]
[WhiteElo "2315"]
[BlackElo "2265"]
[PlyCount "75"]
[EventDate "1991.07.29"]
[EventType "swiss"]
[EventRounds "11"]
[EventCountry "GBR"]
[SourceTitle "EXT 1997"]
[Source "ChessBase"]
[SourceDate "1996.11.15"]
[SourceVersion "1"]
[SourceVersionDate "1996.11.15"]
[SourceQuality "1"]

1. Nf3 Nf6 2. c4 g6 3. g3 Bg7 4. d4 O-O 5. Bg2 d6 6. O-O Nc6 7. d5 Na5 8. Nfd2
Ng4 9. Na3 c5 10. Rb1 Bf5 11. e4 Bd7 12. h3 Nh6 13. Nf3 f5 14. e5 dxe5 15. Nxe5
Bxe5 16. Bxh6 Rf7 17. Qe1 Bd6 18. Bd2 b6 19. f4 a6 20. b3 Qc7 21. Bc3 h6 22.
Rb2 Kh7 23. Re2 Rg8 24. h4 Nb7 25. Nb1 Nd8 26. Nd2 Rff8 27. Nf3 Qc8 28. Kf2 Be8
29. Ng5+ hxg5 30. hxg5 Rg7 31. Rh1+ Kg8 32. Bxg7 Nf7 33. Bxf8 Kxf8 34. Re6 Qc7
35. Qa1 Bxf4 36. gxf4 Qxf4+ 37. Kg1 Qxg5 38. Rh7 1-0